| 000 | 00771nam a22002297a 4500 | ||
|---|---|---|---|
| 999 |
_c11318 _d11318 |
||
| 003 | AR-CdUCM | ||
| 008 | 190403b ||||| |||| 00| 0 spa d | ||
| 040 |
_aMUNICIPALIDAD PROVINCIAL DEL CUSCO _cBIBLIOTECA MUNICIPAL DEL CUSCO |
||
| 082 |
_a869.24 / _bG643 / 1941 |
||
| 100 |
_aGonzáles Tuñón, Raúl _917648 |
||
| 245 | _aPoemas de Juancito caminador / | ||
| 260 |
_aBuenos Aires : _bProblemas, _c1941 |
||
| 300 |
_a207 páginas ; _c26 cm. |
||
| 440 |
_aCanciones del tercer frente _928630 |
||
| 500 | _aTapa dañada. | ||
| 505 | _aContenido: Himno y Canciones -- A nosotros la poesía -- Las calles y las Islas ... | ||
| 650 |
_aLiteratura Argentina _984 |
||
| 650 |
_aSiglo XX _98 |
||
| 650 |
_aPoesía Argentina _91657 |
||
| 942 |
_2ddc _cLIBROS |
||
| 945 | _acmm | ||